000 00319nam a2200133Ia 4500
008 190216s9999||||xx |||||||||||||| ||und||
100 _aSharad Kant
245 0 _aPractical Approach To Cobol Programming
250 _asecond
260 _bWiley Eastern Ltd
_c1992
300 _a528 p
650 _aComputer
942 _cBK
999 _c8378
_d8378